Monarchie graniczące z monarchiami - Statystyki

Ogólne statystyki
  • Ten quiz został rozwiązany 2 515 razy
  • Średni wynik to 13 z 18
Statystyki odpowiedzi
Monarchia % Poprawnych
Hiszpania
87%
Norwegia
83%
Szwecja
83%
Andora
81%
Belgia
79%
Holandia
79%
Luksemburg
77%
Arabia Saudyjska
76%
Oman
74%
Zjednoczone Emiraty Arabskie
74%
Katar
73%
Maroko
70%
Kuwejt
69%
Jordania
67%
Tajlandia
65%
Malezja
61%
Kambodża
59%
Brunei
57%
Nie znaleziono quizów pasujących do podanych kryteriów
Rozkład punktacji
Procent ludzi z każdym wynikiem
Percentyl według liczby udzielonych odpowiedzi
Twoja historia wyników
Nie rozwiązałeś tego quizu